000 00588nam a2200205Ii 4500
001 14718
003 CO-ViMGA
008 241108s9999||||xx |||||||||||||| ||und||
020 _a958703158X
040 _aCO-ViMGA
_bspa
_erda
_cCO-ViMGA
041 0 _aspa
082 0 4 _aR 398.920 C47
245 1 0 _aCitas y frases célebres
264 1 _aBogotá, Colombia : Editora Cultural Internacional, 2007
300 _avolumen
336 _atext
_btxt
_2rdacontent
337 _aunmediated
_bn
_2rdamedia
338 _avolume
_bnc
_2rdacarrier
940 _aidficha_siabuc: 14410. -- ficha_no_siabuc:14718
999 _c48725
_d48725